Квиз о Библији #2 - Statistics

General Stats
  • This quiz has been taken 60 times
  • The average score is 11 of 20
Answer Stats
Траг Одговор % Correct
Римски званичник који осуђује Исуса на распеће Понтије Пилат
88%
Исус је приморан да носи круну направљену од... Трња
84%
Ова беба је била сакривена у шибљу поред реке Нил Мојсије
80%
Човек кога Исус диже из мртвих Лазар
80%
Овај апостол се три пута одрекао Христа пре него што је петао запевао Петар
78%
Градови које је Бог уништио због разврата Содома
78%
Део тела који даје Самсону снагу Коса
76%
Брдо на којем је Исус разапет Голгота
73%
Број племена Израела Дванаест
69%
Градови које је Бог уништио због разврата Гомора
69%
Овај краљ наређује да се побију сва мушка деца рођена у близини Витлејема Ирод
47%
Трећи син Адама и Еве Сит
45%
Бог дозвољава Сатани да мучи овог човека како би испитао његову веру Јов
37%
Језеро (море) по коме је Исус ходао Галилејско језеро
35%
Човек који је живео 969 година Метузалем
35%
Храна коју су Израелци јели током 40 година лутања пустињом Мана
33%
Вавилонски цар који је освојио Јерусалим Навукодоносор
27%
Људи које је Исус истерао из храма Трговци
27%
Јеврејка која је постала персијска краљица Јестира
18%
Човек кога је Бог убио јер је просуо своје семе по земљи Онан
12%
No matching quizzes found
Score Distribution
Percent of People with Each Score
Percentile by Number Answered
Your Score History
You have not taken this quiz